Aplikácie mechatronických prístupov (pri navrhovaní jednoúčelového napichávacieho stroja)

Automatické zariadenie na napichávanie paličiek do lízaniek v o.z. Figaro Trnava bolo vyrobené ako prototyp slúžiaci na overenie technológie podstatne znižujúce výrobné náklady, zvyšujúce produktivitu práce a výkonnosť doteraz používaných výrobných zariadení. Fakulta mechatroniky z Trenčianskej univ...

Ausführliche Beschreibung

Gespeichert in:
Bibliographische Detailangaben
1. Verfasser: Wagner, Juraj
Format: Buchkapitel
Sprache:Slowakisch
Schlagworte:
Tags: Tag hinzufügen
Keine Tags, Fügen Sie das erste Tag hinzu!

MARC

LEADER 00000naa a2200000 4500
001 r040010
005 20230825104235.6
041 0 |a slo 
044 |a SK 
245 1 0 |a Aplikácie mechatronických prístupov  |b (pri navrhovaní jednoúčelového napichávacieho stroja)  |c Juraj Wagner 
520 |a Automatické zariadenie na napichávanie paličiek do lízaniek v o.z. Figaro Trnava bolo vyrobené ako prototyp slúžiaci na overenie technológie podstatne znižujúce výrobné náklady, zvyšujúce produktivitu práce a výkonnosť doteraz používaných výrobných zariadení. Fakulta mechatroniky z Trenčianskej univerzity vypracovala analýzu programového vybavenia s návrhom optimalizácie algoritmov pre toto technické zariadenie. Výsledky experimentálneho overenia. 
610 2 0 |a zariadenia výrobné 
610 2 0 |a linky výrobné 
610 2 0 |a proces výrobný 
610 2 0 |a výroba automatizovaná 
610 2 0 |a Figaro, o.z. Trnava 
100 1 |a Wagner, Juraj